ՀՀ Գիտությունների ազգային ակադեմիայի հիմնարար գիտական գրադարան  =   Fundamental Scientific Library of NAS RA

Дело : (Record no. 311764)

MARC details
000 -LEADER
fixed length control field 00784nam a2200217 a 4500
001 - CONTROL NUMBER
control field 000892680
003 - CONTROL NUMBER IDENTIFIER
control field AM-YeHGA
005 - DATE AND TIME OF LATEST TRANSACTION
control field 20250617145429.0
008 - FIXED-LENGTH DATA ELEMENTS--GENERAL INFORMATION
fixed length control field 120521s1983 ||| r 000 0 rus d
040 ## - CATALOGING SOURCE
Original cataloging agency AM-YeHGA
041 0# - LANGUAGE CODE
Language code of text/sound track or separate title rus
090 ## - LOCALLY ASSIGNED LC-TYPE CALL NUMBER (OCLC); LOCAL CALL NUMBER (RLIN)
-- 313482
100 1# - MAIN ENTRY--PERSONAL NAME
Personal name Хазанович, Юрий Яковлевич
245 10 - TITLE STATEMENT
Title Дело :
Remainder of title Повесть /
Statement of responsibility, etc. Юрий Хазанович.
250 ## - EDITION STATEMENT
Edition statement Переизд.
260 ## - PUBLICATION, DISTRIBUTION, ETC.
Place of publication, distribution, etc. Свердловск :
Name of publisher, distributor, etc. Сред.-Урал. кн. изд-во,
Date of publication, distribution, etc. 1983.
300 ## - PHYSICAL DESCRIPTION
Extent 271 с. :
Other physical details [1] л. портр.
600 14 - SUBJECT ADDED ENTRY--PERSONAL NAME
Personal name Давыдов, Николай Михайлович
653 0# - INDEX TERM--UNCONTROLLED
Uncontrolled term Рабочий класс в России (д. л.)
653 0# - INDEX TERM--UNCONTROLLED
Uncontrolled term Революционное движение в России, 20 в. (д. л.)
Holdings
Withdrawn status Lost status Damaged status Not for loan Collection Home library Current library Date acquired Total checkouts Full call number Barcode Date last seen Price effective from Koha item type Public note
        General Fundamental Scientific Library Fundamental Scientific Library 09/01/2017   PII/502161 FL0230898 09/01/2017 09/01/2017 Գրքեր / Books 30 Days Loan


ՀՀ ԳԱԱ հիմնարար գիտական գրադարան
ՀՀ,Երևան 0019
Մարշալ Բաղրամյան 24/6
հեռախոս:(374-10) 52-47-50
Հետադարձ կապ

All site content, except where otherwise noted, is licensed under a
Creative Commons License